Venezuelas's Oil Reform and Chavismo /

Guardado en:
Bibliografiske detaljer
Hovedforfatter: Lander, Luis
Andre forfattere: López - Maya, Margarita
Format: Texto
Fag:
Tags: Tilføj Tag
Ingen Tags, Vær først til at tagge denne postø!

MARC

LEADER 00000 a a2200000 04500
001 9961
003
040
100 |a Lander, Luis  
245 |a Venezuelas's Oil Reform and Chavismo /  |c Luis Lander 
650 |a PETROLEO  
650 |a POLITICA ENERGETICA  
650 |a NACIONALIZACION  
650 |a OPEP  
700 |a López - Maya, Margarita  
773 |g volumen 36, número 1; páginas 21-23  
999 |c 26584  |d 26584